Loading...

Environment and society : the India challenge

Bibliographic Details
Main Author: Anand Parthasarathy
Format: Printed Book
Published: Bangalore India tech books and media 2013
LEADER 00413nam a22001097a 4500
041 |a English 
100 |a Anand Parthasarathy 
245 |a Environment and society : the India challenge 
260 |a Bangalore   |b India tech books and media   |c 2013 
942 |c BK 
999 |c 175371  |d 175371 
952 |0 0  |1 0  |4 0  |6 363_700000000000000_PRA_EN  |7 0  |8 ENV  |9 180323  |a KAUCOF  |b KAUCOF  |d 2015-09-30  |o 363.7 PRA/EN  |p KAU_COF-G-392  |r 2015-09-30  |w 2019-07-30  |y BK